[Event "VIE-ch U17 Girls"]
[Site "Ho Chi Minh City"]
[Date "2022.07.16"]
[Round "8"]
[White "Doan, Thuy My Dung"]
[Black "Nguyen, Ngoc Van Anh"]
[Result "1/2-1/2"]
[WhiteElo "2078"]
[BlackElo "2077"]
[PlyCount "32"]
[EventDate "2022.07.11"]
[EventType "swiss"]
[EventRounds "9"]
[EventCountry "VIE"]
[SourceTitle "EXT 2023"]
[Source "ChessBase"]
[SourceDate "2022.10.05"]
[SourceVersion "1"]
[SourceVersionDate "2022.10.05"]
[SourceQuality "1"]

1. e4 c6 2. d4 d5 3. exd5 cxd5 4. Bd3 Nc6 5. c3 Nf6 6. h3 a6 7. Nf3 e6 8. 0-0 h6 9. Nbd2 Bd6 10. Qe2 Bd7 11. Ne5 Qc7 12. f4 Rf8 13. Nxd7 Qxd7 14. f5 e5 15. dxe5 Nxe5 16. Nf3 Qe7 1/2-1/2

[Event "VIE-ch U17 Girls"]
[Site "Ho Chi Minh City"]
[Date "2022.07.12"]
[Round "3"]
[White "Nguyen, Ngoc Van Anh"]
[Black "Nguyen, Hong Nhung"]
[Result "0-1"]
[WhiteElo "2077"]
[BlackElo "2090"]
[PlyCount "78"]
[EventDate "2022.07.11"]
[EventType "swiss"]
[EventRounds "9"]
[EventCountry "VIE"]
[SourceTitle "EXT 2023"]
[Source "ChessBase"]
[SourceDate "2022.10.05"]
[SourceVersion "1"]
[SourceVersionDate "2022.10.05"]
[SourceQuality "1"]

1. d4 f5 2. Nf3 Nf6 3. g3 g6 4. c4 Bg7 5. Nc3 d6 6. Bg2 0-0 7. 0-0 Qe8 8. Qc2 e5 9. dxe5 dxe5 10. e3 e4 11. Nd4 c6 12. b4 Be6 13. Nxe6 Qxe6 14. Ne2 Nbd7 15. Bb2 Ne5 16. Bxe5 Qxe5 17. Rfd1 Qe7 18. Rab1 Ng4 19. h3 Ne5 20. b5 Qc5 21. bxc6 bxc6 22. Nd4 Rf7 23. Bf1 Re8 24. Nb3 Qe7 25. c5 Kh8 26. Rd6 Qg5 27. Nd4 Qh5 28. Nxc6 Nf3+ 29. Kh1 g5 30. Rb8 Rxb8 31. Nxb8 Be5 32. Rd8+ Kg7 33. Nc6 Bf6 34. Rd5 Rb7 35. Nd8 Rb2 36. Rd7+ Kh6 37. Nf7+ Kg6 38. Qc4 Rxf2 39. Nh8+ Kh6 0-1

[Event "VIE-ch U17 Girls"]
[Site "Hanoi"]
[Date "2022.06.14"]
[Round "5"]
[White "Nguyen, Ngoc Van Anh"]
[Black "Nguyen, Ngan Ha"]
[Result "0-1"]
[WhiteElo "2088"]
[BlackElo "2085"]
[PlyCount "66"]
[EventDate "2022.06.11"]
[EventType "swiss"]
[EventRounds "7"]
[EventCountry "VIE"]
[SourceTitle "EXT 2023"]
[Source "ChessBase"]
[SourceDate "2022.10.05"]
[SourceVersion "1"]
[SourceVersionDate "2022.10.05"]
[SourceQuality "1"]

1. d4 Nf6 2. c4 g6 3. Nc3 Bg7 4. Nf3 d6 5. e3 0-0 6. Be2 Nc6 7. h3 e5 8. d5 Ne7 9. e4 a5 10. Be3 b6 11. Qc2 Ne8 12. g4 c6 13. Na4 b5 14. cxb5 cxd5 15. Nb6 Rb8 16. Nxd5 Nxd5 17. exd5 Bb7 18. Qb3 Nf6 19. Bc4 a4 20. Qxa4 Nxd5 21. Bxd5 Bxd5 22. Ke2 Qf6 23. Nd2 Bxh1 24. Rxh1 d5 25. Bc5 Rfe8 26. Qb4 e4 27. b3 d4 28. Re1 e3 29. fxe3 Rxe3+ 30. Kd1 Rxe1+ 31. Kxe1 Re8+ 32. Kd1 d3 33. Qc4 Qa1+ 0-1

[Event "VIE-ch U17 Girls"]
[Site "Hanoi"]
[Date "2022.06.11"]
[Round "1"]
[White "Luu, Ha Bich Ngoc"]
[Black "Nguyen, Ngoc Van Anh"]
[Result "1-0"]
[WhiteElo "2079"]
[BlackElo "2088"]
[PlyCount "45"]
[EventDate "2022.06.11"]
[EventType "swiss"]
[EventRounds "7"]
[EventCountry "VIE"]
[SourceTitle "EXT 2023"]
[Source "ChessBase"]
[SourceDate "2022.10.05"]
[SourceVersion "1"]
[SourceVersionDate "2022.10.05"]
[SourceQuality "1"]

1. d4 Nf6 2. c4 d5 3. cxd5 Nxd5 4. Nf3 Bf5 5. Nbd2 Nf6 6. Qb3 b6 7. h3 Nc6 8. e3 a6 9. Bxa6 Rxa6 10. Qb5 Ra5 11. Qxc6+ Bd7 12. Qc2 e6 13. 0-0 Be7 14. Nc4 Ra8 15. b3 0-0 16. Bb2 Nd5 17. a3 h6 18. Nce5 Bd6 19. Rfd1 c5 20. dxc5 Rc8 21. Qd3 f6 22. Nxd7 Qxd7 23. e4 1-0

[Event "VIE-chT (Women)"]
[Site "Ho Chi Minh City"]
[Date "2017.07.28"]
[Round "8.34"]
[White "Nguyen, Ngoc Van Anh"]
[Black "Bui, Kha Nhi"]
[Result "1-0"]
[WhiteElo "1587"]
[BlackElo "1910"]
[PlyCount "97"]
[EventDate "2017.07.24"]
[EventType "team-swiss"]
[EventRounds "9"]
[EventCountry "VIE"]
[SourceTitle "EXT 2019"]
[Source "ChessBase"]
[SourceDate "2018.10.10"]
[SourceVersion "1"]
[SourceVersionDate "2018.10.10"]
[SourceQuality "1"]

1. e4 c5 2. Nf3 Nc6 3. d4 cxd4 4. Nxd4 Nf6 5. Nc3 e5 6. Nb3 d6 7. Bd3 Be7 8. 0-0 0-0 9. f3 Be6 10. Be3 a6 11. Qe2 Rb8 12. Nd2 Nd7 13. a3 Nc5 14. Rab1 Bg5 15. f4 exf4 16. Bxf4 Bxf4 17. Rxf4 Qc7 18. Qh5 Rbd8 19. Rh4 h6 20. Nd5 Bxd5 21. exd5 Ne5 22. Be2 Ncd7 23. c3 Nf6 24. Qf5 Qc5+ 25. Kh1 Qxd5 26. Nf3 Qe6 27. Nd4 Qxf5 28. Nxf5 Rfe8 29. Bf1 Kh7 30. Rd1 Neg4 31. Kg1 g6 32. Nd4 g5 33. Bd3+ Ne4 34. Rxg4 d5 35. Bxe4+ dxe4 36. Re1 Rf8 37. Rgxe4 Kg6 38. Re7 b5 39. Ra7 Rd6 40. Ree7 f5 41. Re6+ Rf6 42. Rae7 Kh5 43. Rxd6 Rxd6 44. Re6 Rxe6 45. Nxe6 f4 46. Nc7 a5 47. Nxb5 Kg6 48. Nd6 h5 49. Nc4 1-0

[Event "VIE-chT (Women)"]
[Site "Ho Chi Minh City"]
[Date "2017.07.24"]
[Round "1.2"]
[White "Hoang, Thi Bao Tram"]
[Black "Nguyen, Ngoc Van Anh"]
[Result "1-0"]
[WhiteElo "2248"]
[BlackElo "1587"]
[PlyCount "63"]
[EventDate "2017.07.24"]
[EventType "team-swiss"]
[EventRounds "9"]
[EventCountry "VIE"]
[SourceTitle "EXT 2019"]
[Source "ChessBase"]
[SourceDate "2018.10.10"]
[SourceVersion "1"]
[SourceVersionDate "2018.10.10"]
[SourceQuality "1"]

1. d4 Nf6 2. Nf3 d5 3. c4 e6 4. Nc3 Nc6 5. Bg5 Be7 6. e3 h6 7. Bh4 0-0 8. Bd3 a6 9. Rc1 Nb4 10. Be2 Nc6 11. 0-0 Nh7 12. Bg3 Bf6 13. a3 Ne7 14. Bd3 dxc4 15. Bxc4 c6 16. e4 Ng6 17. e5 Bh4 18. Nxh4 Nxh4 19. Bd3 Kh8 20. Bb1 Ng6 21. Ne4 Rg8 22. Nd6 Qe7 23. Qd3 Nhf8 24. h4 Nd7 25. Qf3 f5 26. exf6 gxf6 27. Rfe1 Nb6 28. Qh5 Qg7 29. Qf3 f5 30. Nxc8 Raxc8 31. Rxe6 f4 32. Rxg6 1-0

[Event "VIE-ch U09 Girls"]
[Site "Ho Chi Minh City"]
[Date "2014.07.14"]
[Round "3"]
[White "Bui, Ngoc Phuong Nghi"]
[Black "Nguyen, Ngoc Van Anh"]
[Result "1-0"]
[WhiteElo "1575"]
[BlackElo "1605"]
[PlyCount "157"]
[EventDate "2014.07.13"]
[EventType "swiss"]
[EventRounds "9"]
[EventCountry "VIE"]
[SourceTitle "EXT 2016"]
[Source "ChessBase"]
[SourceDate "2015.10.08"]
[SourceVersion "1"]
[SourceVersionDate "2015.10.08"]
[SourceQuality "1"]

1. d4 d5 2. Nf3 Nc6 3. g3 Bf5 4. a3 e6 5. Bg2 Nf6 6. b3 Bd6 7. Bb2 Qe7 8. Nbd2 e5 9. dxe5 Nxe5 10. 0-0 0-0 11. Rc1 Rfe8 12. b4 Qd7 13. Nxe5 Bxe5 14. Bxe5 Rxe5 15. Nf3 Re7 16. e3 Bg4 17. Qd4 Bh3 18. Rfd1 Bxg2 19. Kxg2 Re4 20. Qd3 b6 21. c4 c6 22. cxd5 cxd5 23. Ng5 Re5 24. Nf3 Re4 25. Rc2 Rae8 26. Rdc1 a5 27. bxa5 bxa5 28. Qa6 a4 29. Rc8 R4e6 30. Rxe8+ Qxe8 31. Qb7 Re7 32. Qb1 h6 33. Qf5 Rd7 34. Qc2 Rd8 35. Rb1 Rc8 36. Qf5 Rd8 37. Rb4 Ra8 38. Rb7 Qc6 39. Qb1 Qe8 40. Qb4 Kh7 41. Re7 Qf8 42. Qb7 Rb8 43. Qa7 Ra8 44. Rxf7 Rxa7 45. Rxf8 Ne4 46. Rd8 Nc3 47. Nd2 Ra5 48. Rc8 Ne4 49. Nxe4 dxe4 50. Re8 Kg6 51. Rxe4 Kf5 52. Rh4 Kg6 53. Rc4 Kh7 54. Kf1 Kg6 55. Ke2 Kf5 56. Kd3 Ke5 57. Rh4 Kf6 58. Rb4 Ke5 59. Kc4 Ke4 60. Rb5 Ra7 61. Kb4 Kf3 62. Rf5+ Kg2 63. h4 Kh3 64. Ra5 Rf7 65. Rxa4 Rxf2 66. Ra7 Kxg3 67. Rxg7+ Kxh4 68. a4 Rf3 69. e4 Rf4 70. Re7 h5 71. a5 Kg3 72. a6 Rf8 73. a7 h4 74. Rb7 Ra8 75. Ka5 h3 76. Rg7+ Kf4 77. Kb6 h2 78. Rh7 h1Q 79. Rxh1 1-0